Mid-century modern design : (Record no. 5780)
[ view plain ]
| 000 -LEADER | |
|---|---|
| fixed length control field | 04660cam a22008177i 4500 |
| 001 - CONTROL NUMBER | |
| control field | 21395521 |
| 005 - DATE AND TIME OF LATEST TRANSACTION | |
| control field | 20260421145647.0 |
| 008 - FIXED-LENGTH DATA ELEMENTS--GENERAL INFORMATION | |
| fixed length control field | 200122s2020 enka b 001 0 eng d |
| 035 ## - SYSTEM CONTROL NUMBER | |
| System control number | 21395521 |
| 010 ## - LIBRARY OF CONGRESS CONTROL NUMBER | |
| LC control number | 2020931518 |
| 015 ## - NATIONAL BIBLIOGRAPHY NUMBER | |
| National bibliography number | GBC050764 |
| Source | bnb |
| 016 7# - NATIONAL BIBLIOGRAPHIC AGENCY CONTROL NUMBER | |
| Record control number | 019765286 |
| Source | Uk |
| 020 ## - INTERNATIONAL STANDARD BOOK NUMBER | |
| International Standard Book Number | 9780500023471 |
| Qualifying information | (paperback) |
| 020 ## - INTERNATIONAL STANDARD BOOK NUMBER | |
| International Standard Book Number | 0500023476 |
| Qualifying information | (paperback) |
| 035 ## - SYSTEM CONTROL NUMBER | |
| System control number | (OCoLC)1140781369 |
| 040 ## - CATALOGING SOURCE | |
| Original cataloging agency | YDX |
| Language of cataloging | eng |
| Description conventions | rda |
| Transcribing agency | YDX |
| Modifying agency | BDX |
| -- | OCLCQ |
| -- | UKMGB |
| -- | OCLCO |
| -- | OCLCF |
| -- | YDXIT |
| -- | OCLCO |
| -- | TOH |
| -- | RB0 |
| -- | OCL |
| -- | UAP |
| -- | TCJ |
| -- | CIA |
| -- | CDC |
| -- | NLSHB |
| -- | YBM |
| -- | OCLCO |
| -- | BO@ |
| -- | OCLCO |
| -- | LE# |
| -- | OCL |
| -- | CNGUL |
| -- | EAU |
| -- | DLC |
| 042 ## - AUTHENTICATION CODE | |
| Authentication code | lccopycat |
| 050 00 - LIBRARY OF CONGRESS CALL NUMBER | |
| Classification number | NK1390 |
| Item number | .B733 2020 |
| 082 04 - DEWEY DECIMAL CLASSIFICATION NUMBER | |
| Classification number | 745.2 |
| Edition number | 23 |
| 082 04 - DEWEY DECIMAL CLASSIFICATION NUMBER | |
| Classification number | 745.409045 |
| Edition number | 23 |
| 084 ## - OTHER CLASSIFICATION NUMBER | |
| Classification number | TB47-09 |
| Number source | clc |
| 100 1# - MAIN ENTRY--PERSONAL NAME | |
| Personal name | Bradbury, Dominic, |
| Relator term | author. |
| 9 (RLIN) | 15604 |
| 245 10 - TITLE STATEMENT | |
| Title | Mid-century modern design : |
| Remainder of title | a complete sourcebook / |
| Statement of responsibility, etc. | Dominic Bradbury. |
| 250 ## - EDITION STATEMENT | |
| Edition statement | Compact paperback edition. |
| 264 #1 - PRODUCTION, PUBLICATION, DISTRIBUTION, MANUFACTURE, AND COPYRIGHT NOTICE | |
| Place of production, publication, distribution, manufacture | London ; |
| -- | New York, New York : |
| Name of producer, publisher, distributor, manufacturer | Thames & Hudson, |
| Date of production, publication, distribution, manufacture, copy right date | [2020] |
| 300 ## - PHYSICAL DESCRIPTION | |
| Extent | 544 pages : |
| Other physical details | chiefly color illustrations ; |
| Dimensions | 27 cm |
| 336 ## - CONTENT TYPE | |
| Content type term | text |
| Content type code | txt |
| Source | rdacontent |
| 336 ## - CONTENT TYPE | |
| Content type term | still image |
| Content type code | sti |
| Source | rdacontent |
| 337 ## - MEDIA TYPE | |
| Media type term | unmediated |
| Media type code | n |
| Source | rdamedia |
| 338 ## - CARRIER TYPE | |
| Carrier type term | volume |
| Carrier type code | nc |
| Source | rdacarrier |
| 500 ## - GENERAL NOTE | |
| General note | "With over 1,000 illustrations." |
| 500 ## - GENERAL NOTE | |
| General note | First published as Mid-century modern complete in 2014. |
| 504 ## - BIBLIOGRAPHY, ETC. NOTE | |
| Bibliography, etc. note | Includes bibliographical references (pages 537-538) and index. |
| 520 ## - ABSTRACT, SUMMARY, ETC. | |
| Abstract, Summary, etc. | Essential reading for all collectors and design aficionados, this book is the ultimate survey of mid- century modern design and architecture now available in a sleek, compact form. A definitive survey of mid-century modern design and architecture in an accessible compact edition, this book offers a rich overview of one of the most popular, collectable, and dynamic periods of design. With rich and diverse examples of everything from furniture and lighting to ceramics and textiles to graphics and posters to interior design and architecture, this sleek compendium of mid-century style includes over 1,000 illustrations representing classic designs and little-seen rarities, as well as entries on nearly 100 major creators, such as Dieter Rams, Robin Day, Isamu Noguchi, Lucie Rie, Charles and Ray Eames, Alvar Aalto, and Oscar Niemeyer. An additional illustrated dictionary features hundreds more influential mid-century designers, manufacturers, organizations, schools, and movements. |
| 648 #7 - SUBJECT ADDED ENTRY--CHRONOLOGICAL TERM | |
| Chronological term | 1900-1999 |
| Source of heading or term | fast |
| 9 (RLIN) | 9118 |
| 650 #0 - SUBJECT ADDED ENTRY--TOPICAL TERM | |
| Topical term or geographic name entry element | Design |
| General subdivision | History |
| Chronological subdivision | 20th century. |
| 9 (RLIN) | 15605 |
| 650 #0 - SUBJECT ADDED ENTRY--TOPICAL TERM | |
| Topical term or geographic name entry element | Industrial design |
| General subdivision | History |
| Chronological subdivision | 20th century. |
| 9 (RLIN) | 15606 |
| 650 #0 - SUBJECT ADDED ENTRY--TOPICAL TERM | |
| Topical term or geographic name entry element | Furniture design |
| General subdivision | History |
| Chronological subdivision | 20th century. |
| 9 (RLIN) | 15607 |
| 650 #0 - SUBJECT ADDED ENTRY--TOPICAL TERM | |
| Topical term or geographic name entry element | Architecture, Modern |
| Chronological subdivision | 20th century. |
| 9 (RLIN) | 12936 |
| 650 #0 - SUBJECT ADDED ENTRY--TOPICAL TERM | |
| Topical term or geographic name entry element | Midcentury modern (Architecture) |
| 9 (RLIN) | 15608 |
| 650 #0 - SUBJECT ADDED ENTRY--TOPICAL TERM | |
| Topical term or geographic name entry element | Interior decoration |
| General subdivision | History |
| Chronological subdivision | 20th century. |
| 9 (RLIN) | 15609 |
| 650 #6 - SUBJECT ADDED ENTRY--TOPICAL TERM | |
| Topical term or geographic name entry element | Design |
| General subdivision | Histoire |
| Chronological subdivision | 20e siècle. |
| 9 (RLIN) | 15610 |
| 650 #6 - SUBJECT ADDED ENTRY--TOPICAL TERM | |
| Topical term or geographic name entry element | Meubles |
| General subdivision | Design |
| -- | Histoire |
| Chronological subdivision | 20e siècle. |
| 9 (RLIN) | 15611 |
| 650 #6 - SUBJECT ADDED ENTRY--TOPICAL TERM | |
| Topical term or geographic name entry element | Architecture |
| Chronological subdivision | 20e siècle. |
| 9 (RLIN) | 15612 |
| 650 #6 - SUBJECT ADDED ENTRY--TOPICAL TERM | |
| Topical term or geographic name entry element | Modernisme du milieu du siècle (Architecture) |
| 9 (RLIN) | 15613 |
| 650 #6 - SUBJECT ADDED ENTRY--TOPICAL TERM | |
| Topical term or geographic name entry element | Décoration intérieure |
| General subdivision | Histoire |
| Chronological subdivision | 20e siècle. |
| 9 (RLIN) | 15614 |
| 650 #7 - SUBJECT ADDED ENTRY--TOPICAL TERM | |
| Topical term or geographic name entry element | Mid-Century Modernist. |
| Source of heading or term | aat |
| 9 (RLIN) | 15615 |
| 650 #7 - SUBJECT ADDED ENTRY--TOPICAL TERM | |
| Topical term or geographic name entry element | Design |
| General subdivision | History |
| Geographic subdivision | 20th century. |
| Source of heading or term | cct |
| 9 (RLIN) | 15616 |
| 650 #7 - SUBJECT ADDED ENTRY--TOPICAL TERM | |
| Topical term or geographic name entry element | Industrial design |
| General subdivision | History |
| Geographic subdivision | 20th century. |
| Source of heading or term | cct |
| 9 (RLIN) | 15617 |
| 650 #7 - SUBJECT ADDED ENTRY--TOPICAL TERM | |
| Topical term or geographic name entry element | Furniture design |
| General subdivision | History |
| Geographic subdivision | 20th century. |
| Source of heading or term | cct |
| 9 (RLIN) | 15618 |
| 650 #7 - SUBJECT ADDED ENTRY--TOPICAL TERM | |
| Topical term or geographic name entry element | Architecture, Modern |
| Geographic subdivision | 20th century. |
| Source of heading or term | cct |
| 9 (RLIN) | 15619 |
| 650 #7 - SUBJECT ADDED ENTRY--TOPICAL TERM | |
| Topical term or geographic name entry element | Midcentury modern (Architecture) |
| Source of heading or term | cct |
| 9 (RLIN) | 15608 |
| 650 #7 - SUBJECT ADDED ENTRY--TOPICAL TERM | |
| Topical term or geographic name entry element | Interior decoration |
| General subdivision | History |
| Geographic subdivision | 20th century. |
| Source of heading or term | cct |
| 9 (RLIN) | 15620 |
| 650 #7 - SUBJECT ADDED ENTRY--TOPICAL TERM | |
| Topical term or geographic name entry element | Art and Design. |
| Source of heading or term | eflch |
| 9 (RLIN) | 13118 |
| 650 #7 - SUBJECT ADDED ENTRY--TOPICAL TERM | |
| Topical term or geographic name entry element | Industrial design. |
| Source of heading or term | fast |
| Authority record control number or standard number | (OCoLC)fst01730190 |
| 9 (RLIN) | 15186 |
| 650 #7 - SUBJECT ADDED ENTRY--TOPICAL TERM | |
| Topical term or geographic name entry element | Furniture design. |
| Source of heading or term | fast |
| Authority record control number or standard number | (OCoLC)fst00936534 |
| 9 (RLIN) | 15386 |
| 650 #7 - SUBJECT ADDED ENTRY--TOPICAL TERM | |
| Topical term or geographic name entry element | Architecture, Modern. |
| Source of heading or term | fast |
| Authority record control number or standard number | (OCoLC)fst00813842 |
| 9 (RLIN) | 12937 |
| 650 #7 - SUBJECT ADDED ENTRY--TOPICAL TERM | |
| Topical term or geographic name entry element | Design. |
| Source of heading or term | fast |
| Authority record control number or standard number | (OCoLC)fst00891253 |
| 9 (RLIN) | 4788 |
| 650 #7 - SUBJECT ADDED ENTRY--TOPICAL TERM | |
| Topical term or geographic name entry element | Interior decoration. |
| Source of heading or term | fast |
| Authority record control number or standard number | (OCoLC)fst00976327 |
| 650 #7 - SUBJECT ADDED ENTRY--TOPICAL TERM | |
| Topical term or geographic name entry element | Midcentury modern (Architecture) |
| Source of heading or term | fast |
| Authority record control number or standard number | (OCoLC)fst01920617 |
| 9 (RLIN) | 15608 |
| 650 #7 - SUBJECT ADDED ENTRY--TOPICAL TERM | |
| Topical term or geographic name entry element | Industriële vormgeving. |
| Source of heading or term | nbdbt |
| 9 (RLIN) | 15621 |
| 650 #7 - SUBJECT ADDED ENTRY--TOPICAL TERM | |
| Topical term or geographic name entry element | Geschiedenis. |
| Source of heading or term | nbdbt |
| 9 (RLIN) | 15622 |
| 650 #7 - SUBJECT ADDED ENTRY--TOPICAL TERM | |
| Topical term or geographic name entry element | Art and Design. |
| Source of heading or term | ukslc |
| 9 (RLIN) | 13118 |
| 655 #7 - INDEX TERM--GENRE/FORM | |
| Genre/form data or focus term | Illustrated works. |
| Source of term | fast |
| Authority record control number or standard number | (OCoLC)fst01423873 |
| 9 (RLIN) | 12149 |
| 655 #7 - INDEX TERM--GENRE/FORM | |
| Genre/form data or focus term | History. |
| Source of term | fast |
| Authority record control number or standard number | (OCoLC)fst01411628 |
| 9 (RLIN) | 7569 |
| 655 #7 - INDEX TERM--GENRE/FORM | |
| Genre/form data or focus term | Illustrated works. |
| Source of term | lcgft |
| 9 (RLIN) | 12149 |
| 906 ## - LOCAL DATA ELEMENT F, LDF (RLIN) | |
| a | 7 |
| b | cbc |
| c | copycat |
| d | 3 |
| e | ncip |
| f | 20 |
| g | y-gencatlg |
| 925 0# - | |
| -- | acquire |
| -- | 1 shelf copy |
| -- | policy default |
| 999 ff - SYSTEM CONTROL NUMBERS (KOHA) | |
| -- | d614331e-071a-5a41-a7a0-6fd34557f1cf |
| -- | 80a68362-69a2-4427-9703-f2173cf4610b |
No items available.
